书目信息 |
| 书名: | University physics | |
| 作者: | Francis W. Sears, Mark W. Zemansky, Hugh D. Young. | |
| 分册号: | ||
| 分册名: | 出版地: | Reading, Mass. : |
|
| 出版社: | Addison-Wesley Pub. Co | |
| 出版时间: | c1976. | |
| 页数: | xii, 811, [31] p. : | |
| 开本: | 25 cm. | |
| 丛书名: | ||
| 中图分类号: | ||
| 科图分类号: | ||
| 其他分类号: | H31:O4 | |
| 主题词: | ||
| 电子资源: | ||
| 000 | 00982nam a2200301 i 450 | |
| 001 | E0752659314 | |
| 005 | 20070201143950.78 | |
| 008 | 760423s1976 maua 001 0 eng | |
| 010 | @a75020989 | |
| 020 | @a0201069369. | |
| 035 | @A(DLC) 75020989 | |
| 040 | @aDLC@cDLC@dDLC | |
| 050 | 00 | @aQC21.2@b.S36 1976 |
| 082 | 00 | @a530 |
| 090 | @aH31:O4 | |
| 099 | @dH31:O4@ex15 | |
| 100 | 1 | @aSears, Francis Weston,@d1898- |
| 245 | 10 | @aUniversity physics / @cFrancis W. Sears, Mark W. Zemansky, Hugh D. Young. |
| 250 | @a5th ed. | |
| 260 | @aReading, Mass. :@bAddison-Wesley Pub. Co.,@cc1976. | |
| 300 | @axii, 811, [31] p. :@bill. ;@c25 cm. | |
| 490 | 0 | @aAddison-Wesley series in physics |
| 500 | @aIncludes index. | |
| 650 | 0 | @aPhysics. |
| 700 | 1 | @aZemansky, Mark Waldo,@d1900-@ejoint author. |
| 700 | 1 | @aYoung, Hugh D.,@ejoint author. |
| 906 | @a7@bcbc@corignew@d2@eocip@f19@gy-gencatlg | |
| 991 | @bc-GenColl@hQC21.2@i.S36 1976@p00020364427@tCopy 1@v6936@wBOOKS | |
| University physics / / Francis W. Sears, Mark W. Zemansky, Hugh D. Young.-5th ed.-Reading, Mass. : : Addison-Wesley Pub. Co., , c1976. |
| xii, 811, [31] p. : : ill. ; ; 25 cm.- (Addison-Wesley series in physics ) |
| Includes index. |
| ISBN 0201069369. |
| ● |
| 相关链接 |
|
|
|
|
正题名:University physics
索取号:H31:O4/x15
 
预约/预借
| 序号 | 登录号 | 条形码 | 馆藏地/架位号 | 状态 | 备注 |
| 1 | 13219 | 000451460 | 第四借阅区/ [索取号:H31:O4/x15] | 在馆 | |
| 2 | 13220 | 000451503 | 第四借阅区/ [索取号:H31:O4/x15] | 在馆 | |
| 3 | 13221 | 001653053 | 第四借阅区/ [索取号:H31:O4/x15] | 在馆 |